000 01410cam a2200349 a 4500
001 EDZ0000062244
003 StDuBDS
005 20161031105116.0
006 m||||||||d||||||||
007 cr |||||||||||
008 120312s1994 caua fo| 001|0|eng|d
020 _a9781452243481 (ebook) :
_cNo price
040 _aStDuBDS
_beng
_cStDuBDS
_epn
049 _aAlfaisal Main Library
050 0 _aRT84.5
_b.D48 1994
082 0 4 _a610.7301
_223
245 0 0 _aDeveloping a philosophy of nursing
_h[electronic resource] /
_cJune F. Kikuchi, Helen Simmons, editors.
260 _aThousand Oaks, Calif. ;
_aLondon :
_bSAGE,
_cc1994.
300 _a1 online resource (vii, 126 p.) :
_bill.
520 8 _aThis book will help the researcher gain a better grasp of what it will take to establish a sound philosophical basis for the development of nursing practice, education, research and administration.
521 _aSpecialized.
588 _aDescription based on print version record.
504 _aIncludes bibliographical references and index.
650 0 _aNursing
_xPhilosophy.
655 7 _aElectronic books.
_2local
700 1 _aKikuchi, June F.
700 1 _aSimmons, Helen,
_d1927-
710 2 _aSage eBooks
776 0 8 _iPrint version :
_z9780803954236
856 4 0 _uhttp://ezproxy.alfaisal.edu/login?url=http://sk.sagepub.com/books/developing-a-philosophy-of-nursing
942 _2lcc
_cEBOOKS
999 _c479487
_d479487